| 000 | 00773nam a22001817a 4500 | ||
|---|---|---|---|
| 003 | OSt | ||
| 005 | 20251205164835.0 | ||
| 008 | 251205b |||||||| |||| 00| 0 eng d | ||
| 040 | _cDCL | ||
| 082 | _a၂၉၄.၃၄၃၅ | ||
| 100 | 0 | _aပါရဂူ။ | |
| 245 | 1 | 0 |
_aလေးဆူဓာတ်ပုံ ရွှေတိဂုံ / _cပါရဂူ။ |
| 264 |
_aရန်ကုန် ၊ _bအလင်းသစ်စာပေ၊ _c၂၀၁၂။ |
||
| 300 |
_a၃၅၂ စာမျက်နှာ ၊ _c၂၆ စင်တီ။ |
||
| 504 | _aကျမ်းကိုးစာရင်းပါဝင်သည်။ | ||
| 650 |
_aရွှေတိဂုံစေတီတော် _vသမိုင်း |
||
| 942 |
_2ddc _cSHORT TERM _n0 |
||
| 999 |
_c2661 _d2661 |
||